Statistics for にっぽんの温泉100選に選ばれた温泉地

Click here to take the quiz!

General Stats

  • This quiz has been taken 259 times
  • The average score is 105 of 300

Answer Stats

RankAnswerPref.% Correct
2 | 3 | 4別府八湯大分
99%
1草津群馬
98%
5 | 7 | 8箱根神奈川
96%
3 | 4 | 6道後愛媛
95%
2 | 3下呂岐阜
95%
4 | 7有馬兵庫
92%
8 | 10 | 11城崎兵庫
85%
5 | 6 | 9登別北海道
83%
9 | 10由布院大分
79%
5 | 6 | 8指宿鹿児島
78%
15 | 17 | 20熱海静岡
77%
13 | 15伊香保群馬
75%
10 | 12和倉石川
72%
17 | 20 | 24鬼怒川・川治栃木
72%
22 | 31 | 40あわら福井
68%
13 | 14 | 18銀山山形
66%
23 | 25嬉野佐賀
63%
25 | 33 | 34白浜和歌山
60%
14 | 16乳頭温泉郷秋田
56%
82 | 99湯田山口
54%
23 | 33 | 37霧島鹿児島
54%
84 | 97阿蘇温泉郷熊本
52%
21 | 25 | 42鳴子宮城
51%
52 | 58 | 70伊東静岡
50%
11 | 12黒川熊本
50%
15 | 16 | 17玉造島根
49%
30 | 45湯田中渋温泉郷長野
47%
39 | 47 | 49宇奈月富山
47%
20 | 26 | 30蔵王山形
46%
39 | 45 | 46定山渓北海道
44%
62 | 70 | 80湯河原神奈川
44%
50 | 54 | 56野沢長野
44%
22 | 29 | 32山中石川
43%
21 | 28 | 35秋保宮城
43%
33 | 37修善寺静岡
43%
43酸ヶ湯青森
43%
40 | 43 | 48四万群馬
42%
42酸ヶ湯青森
41%
81 | 90 | 92下田静岡
41%
73 | 77 | 79かみのやま山形
41%
27 | 29万座群馬
40%
26 | 38 | 41雲仙長崎
40%
64 | 66石和山梨
40%
46 | 48 | 54洞爺湖北海道
40%
24 | 27 | 38湯の川北海道
38%
31湯田中渋温泉郷長野
38%
58 | 59 | 63那須栃木
37%
18 | 19奥飛騨温泉郷岐阜
37%
41 | 47 | 51みなかみ18湯群馬
37%
34 | 44花巻温泉郷岩手
31%
36 | 39 | 41三朝鳥取
31%
89飯坂福島
30%
61 | 78 | 82別所長野
30%
59 | 69川湯北海道
29%
38 | 43 | 49層雲峡北海道
28%
50 | 55 | 70塩原栃木
27%
27 | 32 | 40山代石川
27%
56 | 58 | 62皆生鳥取
26%
70 | 83越後湯沢新潟
25%
89赤湯山形
25%
72 | 79 | 93おごと滋賀
24%
65 | 91 | 92あつみ山形
24%
68人吉熊本
23%
90 | 92 | 97磐梯熱海福島
22%
36 | 79 | 84上諏訪長野
21%
24 | 30 | 31白骨長野
21%
19 | 22 | 35十勝川北海道
21%
80 | 89ニセコ温泉郷北海道
21%
49 | 51 | 56稲取静岡
21%
53 | 67 | 73河口湖山梨
21%
57 | 59 | 65湯西川栃木
21%
16 | 19 | 21月岡新潟
20%
94片山津石川
18%
42 | 52阿寒湖北海道
18%
57 | 59 | 77玉川秋田
17%
32 | 34 | 36昼神長野
16%
66 | 76 | 100瀬波新潟
14%
26 | 28 | 35飛騨高山岐阜
14%
61 | 73 | 74東山福島
14%
81鳥羽温泉郷三重
13%
28 | 47 | 53長良川岐阜
13%
86龍神和歌山
13%
71 | 75榊原三重
12%
83 | 99芦ノ牧福島
12%
64 | 79 | 88山鹿・平山熊本
11%
60 | 68 | 84こんぴら香川
11%
65 | 68 | 75湯村兵庫
11%
50 | 51 | 55長門湯本山口
11%
76 | 94 | 96祖谷徳島
10%
53 | 62 | 66ウトロ北海道
10%
74 | 83 | 92日光湯元栃木
9%
85 | 95長島三重
7%
69 | 96原鶴福岡
7%
46 | 48 | 55観音静岡
7%
45 | 53 | 71高湯福島
7%
95支笏湖北海道
6%
98杖立熊本
6%
82 | 87 | 95長湯大分
6%
73 | 76 | 99南紀勝浦和歌山
5%
90松之山新潟
5%
92つなぎ岩手
5%
89 | 97湯野浜山形
5%
69 | 77 | 81洲本兵庫
4%
88白金北海道
4%
77 | 98西山山梨
4%
91脇田福岡
3%
75 | 97大雪高原北海道
3%
92堂ヶ島静岡
3%
84長野
2%
88 | 95熊野本宮温泉郷和歌山
2%
63 | 72黄金崎不老ふ死青森
2%
56 | 64 | 85母畑福島
2%
84 | 98愛山渓北海道
2%
67美ヶ原長野
2%
60 | 70平磯北海道
2%
77 | 87浜名湖かんざんじ静岡
1%
100穴原福島
1%

Score Distribution

Percentile by Number Answered

Percent of People with Each Score

Your Score History

You have not taken this quiz